Korean jurisprudence, politics, and culture /

Bibliographic Details
Main Author: Hahm, Pyong-choon, 1932-1983
Format: Book
Language:English
Published: Seoul, Korea : Yonsei University Press, [1986]
Subjects:

MARC

Tag First Indicator Second Indicator Subfields
LEADER 00000cam a2200000 a 4500
001 in00001065113
005 20150929102705.0
008 861222s1986 ko c b 001 0 eng
010 |a  86234312  
035 |a (OCoLC)15665816 
035 |9 AFP4719AM 
040 |a DLC  |c DLC  |d TXA  |d UtOrBLW 
043 |a a-kr---  |a a-ko--- 
049 |a TXAM 
090 |a KPA120  |b .H33 1986 
100 1 |a Hahm, Pyong-choon,  |d 1932-1983. 
245 1 0 |a Korean jurisprudence, politics, and culture /  |c Hahm Pyong-choon. 
264 1 |a Seoul, Korea :  |b Yonsei University Press,  |c [1986] 
264 4 |c ©1986 
300 |a xx, 572 pages :  |b color portrait ;  |c 26 cm. 
336 |a text  |b txt  |2 rdacontent 
337 |a unmediated  |b n  |2 rdamedia 
338 |a volume  |b nc  |2 rdacarrier 
500 |a "Bibliography of Dr. Hahm Pyong Choon's publications in English": p. vii-x; "Bibliography of Dr. Hahm Pyong Choon's publications in Korean": p. xi-xiii. 
504 |a Bibliography: pages 553-562. 
500 |a Includes index. 
650 0 |a Law  |z Korea  |x History. 
650 0 |a Justice, Administration of  |z Korea  |x History. 
651 0 |a Korea (South)  |x Politics and government. 
999 |a MARS 
999 f f |s 4c397e54-f078-37f9-af9e-85a479372322  |i 64a71614-68e3-387d-b835-272111d5cbc9  |t 0 
952 f f |p ric  |a Texas A&M University  |b Rellis Campus  |c Joint Library Facility  |d Remote Storage  |t 0  |e KPA120 .H33 1986  |h Library of Congress classification  |i unmediated -- volume  |m A14814987287 
998 f f |a KPA120 .H33 1986  |t 0  |l Remote Storage